Oración evangélica, al cadaver del señor D. Fr. Gonzalo de Hermosillo, obispo de Durango

Detalles Bibliográficos
Autor principal: ECHEVAR[R]IA, Juan de (Fray)
Formato: Libro
Publicado: México 1668
Materias:
Colección:Banco de datos
Acervo:Biblioteca Nacional de Antropología e Historia. Fondo Conventual
Tema general:Homilética
Notas:Regular. XI, 4, 10. Ex libris ms. de Eguiara. Encuadernado con nueve obras diferentes.
LEADER 00777nam a22001930004500
035 |a 12506 
036 |a 52 
100 1 |a ECHEVAR[R]IA, Juan de (Fray) 
245 1 0 |a Oración evangélica, al cadaver del señor D. Fr. Gonzalo de Hermosillo, obispo de Durango 
260 |a México  |b Viuda de Bernardo  |c 1668 
500 |a Regular. XI, 4, 10. Ex libris ms. de Eguiara. Encuadernado con nueve obras diferentes. 
650 1 0 |a Homilética 
949 |a B.N.A.H. 
959 |a Biblioteca Nacional de Antropología e Historia. Ciudad de México  |b CCC1 
960 |a Colección General de B.N.A.H. de la ciudad de México  |b DD58 
961 |a Varias Ordenes Religiosas  |b VO 
942 |c B.N.A.H. 
943 |g Biblioteca Nacional de Antropología e Historia. Fondo Conventual 
999 |c 1037038  |d 1037038